| 000 | 00503nam a2200181Ia 4500 | ||
|---|---|---|---|
| 008 | 240925s9999 xx 000 0 und d | ||
| 020 | _a8185749299 | ||
| 082 | _a621.319 GUP | ||
| 100 | _aGupta, J. B. | ||
| 245 | 2 | _aA Course in Electrical Technology: (basic electrical engineering) | |
| 250 | _a12th | ||
| 260 |
_aNew Delhi: _bS. K. Kataria _c,2008. |
||
| 300 |
_axxx,1275p. _bN.A _fOriginal |
||
| 500 | _aIncludes Index | ||
| 600 | _aElectrical Engineering | ||
| 650 | _aTechnology | ||
| 942 | _cBK | ||
| 999 |
_c11175 _d11175 |
||